000 00639nam a22002177a 4500
003 OSt
005 20170828115741.0
008 170712b xxu||||| |||| 00| 0 eng d
020 _a9781780432090
040 _aLDCLIB
_cLDCLIB
082 _222
_a340.0149
_bXAN
100 _aXanthaki, Helen.
245 _aThornton's Legislative Drafting /
_cHelen Xanthaki ; with a foreword by Garth Thornton.
250 _a5th ed.
260 _aWest Sussex :
_bBloomsbury Proffession Ltd.,
_c2013.
300 _axxxii, 557 p. ;
_c24 cm.
500 _aIncludes index.
650 _aLegislative drafting
700 _aThornton, Garth.
942 _2ddc
_cBK
999 _c8518
_d8518